[Event "2024 Newport Open"]
[Site "Newport"]
[Date "2024.08.17"]
[Round "2.11"]
[White "Thomas, Joseff"]
[Black "Berkley, Stephen W"]
[Result "1-0"]
[WhiteElo "2043"]
[BlackElo "1817"]
[PlyCount "53"]
[EventDate "2024.08.16"]

1. b3 a5 2. Bb2 a4 3. e4 axb3 4. axb3 Rxa1 5. Bxa1 b6 6. d4 e6 7. f4 Bb7 8. Nd2 Nf6 9. Bd3 d5 10. e5 Nfd7 11. Ngf3 Ba6 12. c4 c5 13. O-O cxd4 14. Nxd4 Nc5 15. Bc2 dxc4 16. Nxc4 g6 17. Qf3 Bb7 18. Qe2 Bd5 19. b4 Nca6 20. Ba4+ Ke7 21. f5 gxf5 22. Qh5 Nd7 23. Nd6 Nxe5 24. N4xf5+ exf5 25. Bxe5 Rg8 26. Nxf5+ Ke6 27. Nd4+ 1-0

[Event "2024 Newport Open"]
[Site "Newport"]
[Date "2024.08.17"]
[Round "2.12"]
[White "Chong, Kimberly"]
[Black "Young, Alan"]
[Result "0-1"]
[WhiteElo "1782"]
[BlackElo "2005"]
[PlyCount "48"]
[EventDate "2024.08.16"]

1. e4 e5 2. Nf3 Nc6 3. Bc4 Nf6 4. Nc3 Nxe4 5. Nxe4 d5 6. Bd3 dxe4 7. Bxe4 Bd6 8. Bxc6+ bxc6 9. Qe2 O-O 10. O-O Bg4 11. Qe4 f5 12. Qc4+ Kh8 13. Qc3 e4 14. Ne5 Qh4 15. g3 Qh3 16. Nxg4 fxg4 17. Qxc6 Rae8 18. d4 h5 19. Bg5 Re6 20. Qc3 h4 21. Bf4 Bxf4 22. gxf4 g3 23. fxg3 Rg6 24. Rf2 hxg3 0-1

[Event "2024 Newport Open"]
[Site "Newport"]
[Date "2024.08.17"]
[Round "2.13"]
[White "Mcghee, David"]
[Black "Gomez, Daniel"]
[Result "0-1"]
[WhiteElo "1831"]
[BlackElo "1987"]
[PlyCount "90"]
[EventDate "2024.08.16"]

1. e4 e6 2. d4 d5 3. Nd2 c5 4. exd5 Qxd5 5. Ndf3 Nc6 6. Be3 cxd4 7. Nxd4 a6 8. Nxc6 Qxc6 9. Nf3 Nf6 10. Bd3 Bc5 11. Bxc5 Qxc5 12. O-O O-O 13. a4 e5 14. Ng5 Qc7 15. Ne4 Nxe4 16. Bxe4 Be6 17. c3 Rad8 18. Qc2 f5 19. Bf3 e4 20. Be2 Qe5 21. Rad1 f4 22. Rxd8 Rxd8 23. Rd1 Rxd1+ 24. Qxd1 Kf7 25. Kf1 f3 26. gxf3 Qxh2 27. Ke1 exf3 28. Bxf3 Qg1+ 29. Ke2 Bc4+ 30. Ke3 Qg5+ 31. Kd4 Qf4+ 32. Kc5 Qc7+ 33. Kd4 Be6 34. Qe2 Qd6+ 35. Ke3 g5 36. Be4 Qf4+ 37. Kd3 Bf5 38. Bxf5 Qxf5+ 39. Kd4 g4 40. b4 h5 41. Qe3 h4 42. c4 Qf6+ 43. Kd3 h3 44. Ke2 h2 45. Qe4 Qf3+ 0-1

[Event "2024 Newport Open"]
[Site "Newport"]
[Date "2024.08.17"]
[Round "2.14"]
[White "Kong, Emma Zihan"]
[Black "Meek, Stephen J"]
[Result "0-1"]
[WhiteElo "1698"]
[BlackElo "1970"]
[PlyCount "82"]
[EventDate "2024.08.16"]

1. d4 Nf6 2. c4 g6 3. Nc3 Bg7 4. e4 d6 5. Be2 O-O 6. Be3 Na6 7. a3 e5 8. d5 Nc5 9. f3 a5 10. g4 Ne8 11. h4 f5 12. exf5 gxf5 13. Bxc5 dxc5 14. g5 Nd6 15. Qd2 e4 16. O-O-O b6 17. Nb5 a4 18. Nxd6 cxd6 19. fxe4 fxe4 20. Qe3 Bf5 21. Nh3 Bd4 22. Rxd4 cxd4 23. Qxd4 Re8 24. Nf4 Qe7 25. Nh5 Qe5 26. Qxe5 dxe5 27. Nf6+ Kg7 28. Kd2 h6 29. Ke3 hxg5 30. hxg5 Rh8 31. Rxh8 Rxh8 32. Bh5 Rc8 33. Nxe4 Bxe4 34. Kxe4 Rxc4+ 35. Kxe5 Rc2 36. Ke6 Rxb2 37. Ke7 b5 38. d6 b4 39. d7 Rd2 40. d8=Q Rxd8 41. Kxd8 bxa3 0-1

[Event "2024 Newport Open"]
[Site "Newport"]
[Date "2024.08.17"]
[Round "2.15"]
[White "Holmes, Matthew A"]
[Black "Wu, Yuxuan"]
[Result "0-1"]
[WhiteElo "1747"]
[BlackElo "1933"]
[PlyCount "62"]
[EventDate "2024.08.16"]

1. Nf3 Nf6 2. c4 c5 3. Nc3 Nc6 4. g3 d5 5. d4 cxd4 6. Nxd4 e5 7. Nxc6 bxc6 8. Bg2 Bb4 9. O-O Bxc3 10. bxc3 O-O 11. Bg5 Be6 12. cxd5 Bxd5 13. Bxf6 gxf6 14. Qa4 Qc8 15. c4 Bxg2 16. Kxg2 Rd8 17. Rfd1 Qe6 18. Rab1 Rd4 19. Rxd4 exd4 20. Qc2 Re8 21. Rb2 h5 22. Qd3 c5 23. h4 Kg7 24. Kg1 Qc6 25. Qf3 Qxf3 26. exf3 Re1+ 27. Kg2 Rc1 28. Rb7 a5 29. Rb5 d3 30. Rb2 Rxc4 31. Rd2 Rd4 0-1

[Event "2024 Newport Open"]
[Site "Newport"]
[Date "2024.08.17"]
[Round "2.16"]
[White "Brewer, Ben"]
[Black "Cave, Iwan"]
[Result "0-1"]
[WhiteElo "1895"]
[BlackElo "2047"]
[PlyCount "106"]
[EventDate "2024.08.16"]

1. e4 e5 2. Nf3 Nf6 3. Nxe5 d6 4. Nf3 Nxe4 5. Nc3 Nxc3 6. dxc3 Be7 7. Be3 O-O 8. Qd2 Nd7 9. O-O-O Nf6 10. h4 c5 11. Ng5 d5 12. Kb1 Rb8 13. Be2 b5 14. Bf3 Bb7 15. Bf4 Bd6 16. Nh3 Qc7 17. Rhe1 Rbd8 18. h5 Bxf4 19. Qxf4 Qxf4 20. Nxf4 Ne4 21. Re2 Rfe8 22. Kc1 g5 23. hxg6 hxg6 24. g3 Kg7 25. Rde1 Rh8 26. c4 bxc4 27. Nxd5 Nxg3 28. fxg3 Bxd5 29. Bxd5 Rxd5 30. Rd1 Rg5 31. Re3 Rh3 32. Rc3 Rg4 33. Rd5 Rhxg3 34. Rxg3 Rxg3 35. Rxc5 Rg4 36. Ra5 Rf4 37. a4 Kf6 38. Kd2 g5 39. Ke3 Rf1 40. b4 cxb3 41. cxb3 g4 42. Ke2 Rb1 43. Rb5 Kg6 44. a5 f5 45. b4 Kg5 46. Rb7 Kf4 47. a6 g3 48. Rxa7 Rxb4 49. Rb7 Ra4 50. a7 Ra2+ 51. Kf1 Kf3 52. Rb3+ Kg4 53. Rb7 f4 0-1

[Event "2024 Newport Open"]
[Site "Newport"]
[Date "2024.08.17"]
[Round "2.17"]
[White "Turner, Joseph David"]
[Black "Thomas, Jac"]
[Result "1-0"]
[WhiteElo "1862"]
[BlackElo "1996"]
[PlyCount "105"]
[EventDate "2024.08.16"]

1. e4 d6 2. d4 Nf6 3. Nc3 g6 4. f4 Bg7 5. Nf3 c5 6. dxc5 Qa5 7. Qd4 O-O 8. Bd2 Nc6 9. Qc4 Be6 10. Qb5 dxc5 11. e5 Nd7 12. Ng5 Bf5 13. Qxa5 Nxa5 14. Nd5 Nc6 15. Ne3 h6 16. Nf3 Be4 17. Be2 Nd4 18. Bd1 Nb6 19. c3 Nxf3+ 20. Bxf3 Bxf3 21. gxf3 Rad8 22. a4 h5 23. a5 Nd5 24. Ra4 Bh6 25. Nxd5 Rxd5 26. Ke2 Rfd8 27. Be3 f6 28. Rg1 Kh7 29. exf6 exf6 30. Re4 R8d7 31. Re6 Kg7 32. c4 Rd3 33. Re7+ Rxe7 34. Kxd3 Rd7+ 35. Kc2 Kf7 36. Bxc5 Bxf4 37. Rg2 Rc7 38. Bxa7 Rxc4+ 39. Kb3 Rc6 40. h3 Bc7 41. Rd2 Ke6 42. Re2+ Kf5 43. Re7 Kf4 44. Rxc7 Rxc7 45. Bb8 Kxf3 46. Bxc7 f5 47. Kc3 g5 48. b4 g4 49. hxg4 fxg4 50. b5 h4 51. a6 g3 52. axb7 g2 53. Bh2 1-0

[Event "2024 Newport Open"]
[Site "Newport"]
[Date "2024.08.17"]
[Round "2.18"]
[White "Tuson, Jon"]
[Black "Garcia, Jason"]
[Result "1-0"]
[WhiteElo "1842"]
[BlackElo "1980"]
[PlyCount "61"]
[EventDate "2024.08.16"]

1. Nf3 c5 2. c4 Nf6 3. Nc3 b6 4. d4 cxd4 5. Nxd4 Bb7 6. Qc2 e6 7. e4 d6 8. Bd3 Nbd7 9. f3 a6 10. O-O Be7 11. b3 O-O 12. Bb2 Qc7 13. Rac1 Rac8 14. f4 Qb8 15. Qe2 Rfd8 16. f5 e5 17. Nf3 Qa8 18. Nd2 Nc5 19. Nd5 Bxd5 20. exd5 Nxd3 21. Qxd3 b5 22. Ne4 Qa7+ 23. Kh1 bxc4 24. Rxc4 Rxc4 25. Nxf6+ Bxf6 26. Qxc4 Bg5 27. Ba3 Qb7 28. h4 Bf4 29. Qd3 Re8 30. Qe4 Qc7 31. Rxf4 1-0

[Event "2024 Newport Open"]
[Site "Newport"]
[Date "2024.08.17"]
[Round "2.19"]
[White "Mcbeath, Joel"]
[Black "Jukes, Sam"]
[Result "1-0"]
[WhiteElo "1806"]
[BlackElo "1915"]
[PlyCount "43"]
[EventDate "2024.08.16"]

1. e4 e5 2. Nf3 Nc6 3. Bb5 a6 4. Ba4 Nf6 5. O-O d6 6. Re1 Bd7 7. c3 g6 8. d4 Bg7 9. Bxc6 Bxc6 10. dxe5 dxe5 11. Qxd8+ Rxd8 12. Nxe5 Bxe4 13. f3 O-O 14. fxe4 Nxe4 15. Nf3 Nc5 16. Na3 b5 17. Nc2 a5 18. Rb1 Na4 19. Nfd4 Rfe8 20. Rxe8+ Rxe8 21. Nxb5 Rb8 22. Nca3 1-0

[Event "2024 Newport Open"]
[Site "Newport"]
[Date "2024.08.17"]
[Round "2.20"]
[White "Wastney, Dylan"]
[Black "Acharya, Kandara"]
[Result "1-0"]
[WhiteElo "1910"]
[BlackElo "1753"]
[PlyCount "71"]
[EventDate "2024.08.16"]

1. e4 c5 2. Nc3 Nc6 3. Bb5 Nd4 4. Bc4 e6 5. Nge2 Nf6 6. O-O a6 7. a4 d5 8. exd5 exd5 9. Ba2 Ne6 10. d4 c4 11. b3 cxb3 12. Bxb3 Bd6 13. h3 Bc7 14. Ba3 Ng5 15. Ng3 Bxg3 16. fxg3 Be6 17. Qe2 Nge4 18. Qe3 Rc8 19. Nxe4 Nxe4 20. Rae1 Rc3 21. Qf4 Qc7 22. Bb4 Qxf4 23. gxf4 Rxb3 24. cxb3 f5 25. Rc1 Kd7 26. Ba5 b6 27. Bxb6 Rb8 28. a5 Rb7 29. Rc2 Nd6 30. Rfc1 Nb5 31. Rc8 Ke7 32. Re1 Kf7 33. Rh8 h6 34. Bc5 Nc7 35. Bd6 Kf6 36. Rf8+ 1-0

[Event "2024 Newport Open"]
[Site "Newport"]
[Date "2024.08.17"]
[Round "2.21"]
[White "Hu, Junyan"]
[Black "Hill, Andy"]
[Result "0-1"]
[WhiteElo "1720"]
[BlackElo "1904"]
[PlyCount "100"]
[EventDate "2024.08.16"]

1. e4 e6 2. d4 d5 3. e5 c5 4. c3 Nc6 5. Nf3 Bd7 6. Be2 Nge7 7. Na3 cxd4 8. cxd4 Nf5 9. Nc2 Be7 10. Bd2 Qb6 11. Bc3 O-O 12. O-O f6 13. exf6 Bxf6 14. Bd3 Be7 15. Qd2 Rae8 16. Rae1 Qc7 17. Ne5 Nxe5 18. dxe5 Bc5 19. Rc1 Qd8 20. Bb4 b6 21. Bxc5 bxc5 22. Bxf5 Rxf5 23. Ne3 Rxe5 24. Rxc5 Qb8 25. h3 Rf8 26. b3 Be8 27. Qc3 Qd6 28. Qa5 Re4 29. Rcc1 a6 30. a4 Rb4 31. Rb1 Bg6 32. Rb2 Rfb8 33. Rc1 Qb6 34. Qxb6 R4xb6 35. Ng4 Rxb3 36. Rxb3 Rxb3 37. Rc6 Rb1+ 38. Kh2 Re1 39. Rxa6 d4 40. Ra8+ Kf7 41. Ra7+ Kf8 42. Ra8+ Ke7 43. Ra7+ Kd6 44. Rxg7 d3 45. Ne3 Rxe3 46. fxe3 d2 47. Rg8 Ke7 48. Rg7+ Bf7 49. a5 d1=Q 50. a6 Qd6+ 0-1

[Event "2024 Newport Open"]
[Site "Newport"]
[Date "2024.08.17"]
[Round "2.22"]
[White "May, Adam J"]
[Black "Connolly, Dave"]
[Result "1-0"]
[WhiteElo "1903"]
[BlackElo "1730"]
[PlyCount "91"]
[EventDate "2024.08.16"]

1. d4 Nf6 2. Nf3 e6 3. g3 d5 4. Bg2 c6 5. O-O Nbd7 6. c4 Be7 7. Qc2 h6 8. Nbd2 Nb6 9. c5 Nbd7 10. e4 dxe4 11. Nxe4 Nxe4 12. Qxe4 Nf6 13. Qc2 Bd7 14. Rd1 Nd5 15. Ne5 Bf6 16. Nc4 Be7 17. Qe2 O-O 18. Ne5 Be8 19. Bh3 Bg5 20. Nc4 Be7 21. Re1 Nc7 22. Be3 Qd5 23. Bg2 Qd8 24. Rad1 Bg5 25. Bxg5 Qxg5 26. Nd6 Rb8 27. h4 Qf6 28. a4 Bd7 29. Be4 Ne8 30. Nc4 Nc7 31. Bb1 Be8 32. Qe4 Qg6 33. Qe5 Qf6 34. Qxc7 Rd8 35. Ne5 Rd5 36. Qxb7 g5 37. h5 Qg7 38. Ba2 Rd8 39. Qc7 Ra8 40. b4 Qf6 41. Nxc6 Kh8 42. d5 exd5 43. Qe5 Qxe5 44. Nxe5 Bxa4 45. Rxd5 Bc6 46. Nxc6 1-0

[Event "2024 Newport Open"]
[Site "Newport"]
[Date "2024.08.17"]
[Round "3.1"]
[White "Crawford, Owen"]
[Black "Beaumont, Chris R"]
[Result "1/2-1/2"]
[WhiteElo "2010"]
[BlackElo "2183"]
[Annotator "Paul,Hatchett"]
[PlyCount "56"]
[EventDate "2024.08.16"]

1. e4 {[%emt 0:00:02]} c5 {[%emt 0:00:08]} 2. Nf3 {[%emt 0:00:05]} g6 {[%emt 0:00:06]} 3. d4 {[%emt 0:00:45]} cxd4 {[%emt 0:00:08]} 4. Nxd4 {[%emt 0:00:04]} Bg7 {[%emt 0:00:12]} 5. c4 {[%emt 0:00:14]} Nc6 {[%emt 0:00:06]} 6. Be3 {[%emt 0:00:04]} Qb6 {[%emt 0:00:21]} 7. Nb5 {[%emt 0:01:03]} Qd8 {[%emt 0:01:32]} 8. N1c3 {[%emt 0:02:17]} a6 {[%emt 0:07:17]} 9. Nd4 {[%emt 0:00:31]} d6 {[%emt 0:00:13]} 10. Be2 {[%emt 0:20:18]} Nf6 {[%emt 0:01:00]} 11. O-O {[%emt 0:01:54]} O-O {[%emt 0:00:41]} 12. h3 {[%emt 0:01:48]} Bd7 {[%emt 0:11:26]} 13. Nc2 {[%emt 0:03:24]} Rc8 {[%emt 0:02:38]} 14. a4 {[%emt 0:13:30]} Na5 {[%emt 0:15:30]} 15. Na3 {[%emt 0:01:26]} Be6 {[%emt 0:02:01]} 16. Nd5 {[%emt 0:09:32]} Nd7 {[%emt 0:14:25]} 17. Rb1 {[%emt 0:18:16]} f5 {[%emt 0:07:52]} 18. b4 {[%emt 0:07:05]} Nc6 {[%emt 0:00:26]} 19. exf5 {[%emt 0:01:15]} Bxf5 {[%emt 0:00:45]} 20. Bd3 {[%emt 0:01:12]} Bxd3 {[%emt 0:05:30]} 21. Qxd3 {[%emt 0:00:03]} Nce5 {[%emt 0:01:24]} 22. Qe2 {[%emt 0:00:20]} e6 {[%emt 0:05:21]} 23. Nf4 {[%emt 0:00:52]} Qe7 {[%emt 0:00:11]} 24. a5 {[%emt 0:01:05]} Nf6 {[%emt 0:03:10]} 25. Bd2 {[%emt 0:03:52]} g5 {[%emt 0:05:47]} 26. Nh5 {[%emt 0:00:35]} Nxh5 {[%emt 0:00:31]} 27. Qxh5 {[%emt 0:00:03]} Nxc4 {[%emt 0:00:16]} 28. Nxc4 {[%emt 0:01:34]} Rxc4 {[%emt 0:00:08]} 1/2-1/2

[Event "2024 Newport Open"]
[Site "Newport"]
[Date "2024.08.17"]
[Round "3.2"]
[White "Lentzos, Ioanis"]
[Black "Homer, Stephen J"]
[Result "1-0"]
[WhiteElo "2119"]
[BlackElo "1996"]
[Annotator "Paul,Hatchett"]
[PlyCount "63"]
[EventDate "2024.08.16"]

1. d4 {[%emt 0:00:02]} Nf6 {[%emt 0:00:05]} 2. c4 {[%emt 0:00:03]} e6 {[%emt 0:00:03]} 3. Nf3 {[%emt 0:00:03]} b6 {[%emt 0:00:04]} 4. g3 {[%emt 0:00:05]} Bb7 {[%emt 0:00:05]} 5. Bg2 {[%emt 0:00:05]} Bb4+ {[%emt 0:00:14]} 6. Bd2 {[%emt 0:00:26]} a5 {[%emt 0:00:05]} 7. O-O {[%emt 0:00:35]} O-O {[%emt 0:00:52]} 8. Bf4 {[%emt 0:00:28]} Be7 {[%emt 0:01:08]} 9. Nc3 {[%emt 0:00:32]} d5 {[%emt 0:03:16]} 10. cxd5 {[%emt 0:02:30]} exd5 {[%emt 0:09:55]} 11. Rc1 {[%emt 0:02:45]} c6 {[%emt 0:06:51]} 12. Qb3 {[%emt 0:03:13]} b5 {[%emt 0:15:37]} 13. Rfd1 {[%emt 0:02:19]} a4 {[%emt 0:01:45]} 14. Qc2 {[%emt 0:00:27]} Qa5 {[%emt 0:10:53]} 15. Ne5 {[%emt 0:02:00]} b4 {[%emt 0:04:30]} 16. Nb1 {[%emt 0:00:26]} Qb6 {[%emt 0:09:29]} 17. a3 {[%emt 0:24:04]} bxa3 {[%emt 0:04:33]} 18. Nxa3 {[%emt 0:02:54]} Re8 {[%emt 0:03:49]} 19. Nb1 {[%emt 0:07:19]} Nfd7 {[%emt 0:03:42]} 20. Nc3 {[%emt 0:01:51]} Nxe5 {[%emt 0:01:18]} 21. Bxe5 {[%emt 0:00:29]} Qb3 {[%emt 0:06:32]} 22. e4 {[%emt 0:00:40]} Qxc2 {[%emt 0:00:28]} 23. Rxc2 {[%emt 0:00:04]} dxe4 {[%emt 0:00:17]} 24. Nxe4 {[%emt 0:02:55]} f6 {[%emt 0:06:24]} 25. Bd6 {[%emt 0:09:06]} Ba6 {[%emt 0:06:12]} 26. Bxe7 {[%emt 0:02:08]} Rxe7 27. Nc5 {[%emt 0:00:15]} Raa7 {[%emt 0:01:49]} 28. Nxa6 {[%emt 0:02:23]} Nxa6 {[%emt 0:01:54]} 29. Rxc6 {[%emt 0:00:36]} Nb4 {[%emt 0:00:35]} 30. Rc4 {[%emt 0:00:33]} Na2 {[%emt 0:00:53]} 31. Rc8+ {[%emt 0:00:27]} Kf7 {[%emt 0:00:02]} 32. Bd5+ {[%emt 0:00:06]} 1-0

[Event "2024 Newport Open"]
[Site "Newport"]
[Date "2024.08.17"]
[Round "3.3"]
[White "Tapp, James"]
[Black "Chan, Sheng Liang Bernard"]
[Result "0-1"]
[WhiteElo "1939"]
[BlackElo "2093"]
[PlyCount "84"]
[EventDate "2024.08.16"]

1. d4 Nf6 2. c4 e6 3. g3 c5 4. d5 exd5 5. cxd5 d6 6. Nc3 a6 7. a4 g6 8. Bg2 Bg7 9. Nf3 O-O 10. O-O Re8 11. Bf4 h6 12. h4 Nh5 13. Bc1 Nd7 14. e4 Nhf6 15. Re1 Ng4 16. Qc2 Rb8 17. Bf1 Nde5 18. Nd2 Qf6 19. Re2 g5 20. hxg5 hxg5 21. Bg2 Qh6 22. Nf1 Ng6 23. Nd1 Bd4 24. Nde3 Kg7 25. Bd2 N6e5 26. f3 Nf6 27. Bc3 g4 28. f4 Nf3+ 29. Bxf3 gxf3 30. Rf2 Nxe4 31. Rxf3 Qf6 32. Rc1 Bxc3 33. bxc3 Ng5 34. Qe2 Nxf3+ 35. Qxf3 Bd7 36. g4 Rh8 37. Ng3 Rbg8 38. Rb1 Bc8 39. Nh5+ Rxh5 40. gxh5 Kh6+ 41. Kf1 Qh4 42. Rxb7 Qh2 0-1

[Event "2024 Newport Open"]
[Site "Newport"]
[Date "2024.08.17"]
[Round "3.4"]
[White "Pleasants, Allan J"]
[Black "Duke, Dillan"]
[Result "1/2-1/2"]
[WhiteElo "2013"]
[BlackElo "1957"]
[PlyCount "40"]
[EventDate "2024.08.16"]

1. e4 e6 2. d4 d5 3. Nd2 dxe4 4. Nxe4 Nd7 5. Nf3 Ngf6 6. Nxf6+ Nxf6 7. Bd3 c5 8. Be3 cxd4 9. Bxd4 Bd6 10. O-O O-O 11. Qe2 Nd5 12. Be5 g6 13. Rad1 Bxe5 14. Qxe5 Qc7 15. Be4 f6 16. Qxc7 Nxc7 17. c4 e5 18. Rd2 Rb8 19. Rfd1 Be6 20. b3 Rfd8 1/2-1/2

[Event "2024 Newport Open"]
[Site "Newport"]
[Date "2024.08.17"]
[Round "3.5"]
[White "Stubbs, Oliver"]
[Black "Wu, Yuxuan"]
[Result "1-0"]
[WhiteElo "2114"]
[BlackElo "1933"]
[PlyCount "141"]
[EventDate "2024.08.16"]

1. d4 Nf6 2. Nf3 e6 3. Bf4 d5 4. e3 Bd6 5. Nbd2 O-O 6. c3 c5 7. Bd3 Qc7 8. Bxd6 Qxd6 9. Ne5 b6 10. h4 Nbd7 11. f4 Bb7 12. Qf3 cxd4 13. exd4 a5 14. h5 Ba6 15. h6 g6 16. Bxa6 Rxa6 17. a4 Rb8 18. Qe2 Ra7 19. O-O Ne8 20. Ndf3 Nf8 21. g4 f6 22. Nd3 Re7 23. g5 f5 24. Nfe5 Qc7 25. Rfc1 Nd6 26. Rab1 Rc8 27. Ne1 Ne4 28. Nc2 Nd7 29. Nd3 Qc4 30. Ra1 Qc6 31. Qd1 b5 32. axb5 Qxb5 33. Nce1 Nb6 34. Ra2 Nc4 35. Qa4 Rb7 36. Qxb5 Rxb5 37. Nc2 Rb3 38. Na1 Rb5 39. Nc2 Rb3 40. Nce1 Rcb8 41. Rc2 Ra8 42. Nf3 Kf8 43. Nfe5 Nxe5 44. Nxe5 a4 45. Rh2 Kg8 46. Kf1 a3 47. Rc2 Nd6 48. Rxa3 Raxa3 49. bxa3 Nc4 50. Nxc4 dxc4 51. Ke2 Rxa3 52. Kd2 Ra1 53. Rb2 Ra8 54. Rb4 Rc8 55. Rb7 Kh8 56. Re7 Kg8 57. Rxe6 Kf7 58. Re5 Ra8 59. Rc5 Ke6 60. Rxc4 Kd5 61. Kd3 Ra7 62. Rc5+ Kd6 63. Re5 Rb7 64. Re8 Rf7 65. c4 Ra7 66. c5+ Kc6 67. Re6+ Kd7 68. Rd6+ Ke7 69. Kc4 Rb7 70. Ra6 Kd7 71. c6+ 1-0

[Event "2024 Newport Open"]
[Site "Newport"]
[Date "2024.08.17"]
[Round "3.6"]
[White "Gomez, Daniel"]
[Black "Davis, Colin"]
[Result "1/2-1/2"]
[WhiteElo "1987"]
[BlackElo "2046"]
[PlyCount "100"]
[EventDate "2024.08.16"]

1. e4 d6 2. d4 Nf6 3. Nc3 g6 4. f4 Bg7 5. Nf3 O-O 6. Bd3 Nc6 7. O-O e5 8. fxe5 dxe5 9. d5 Nb4 10. Bc4 Qe7 11. Qe2 Nxc2 12. Qxc2 Qc5+ 13. Qf2 Qxc4 14. Nxe5 Qb4 15. Nd3 Qc4 16. Ne5 Qb4 17. Nd3 Qa5 18. h3 Nd7 19. Bf4 c5 20. dxc6 bxc6 21. Bd6 Ba6 22. Bxf8 Rxf8 23. Qxa7 Ne5 24. Nxe5 Bxe5 25. Rad1 Bb8 26. Qe7 Bxf1 27. Kxf1 Qb6 28. Rd2 Ba7 29. Ke2 Qg1 30. Kd3 Be3 31. Re2 Bh6 32. a4 Rb8 33. e5 Bf8 34. Qh4 Qc1 35. Qf2 Rd8+ 36. Kc4 c5 37. Qe3 Rd4+ 38. Kb5 Qf1 39. e6 Qf6 40. exf7+ Kg7 41. Qe5 Rb4+ 42. Ka5 Qxe5 43. Rxe5 Rxb2 44. Re2 Rb3 45. Ne4 Kxf7 46. Rf2+ Kg8 47. Rc2 Be7 48. Nxc5 Bd8+ 49. Ka6 Rb6+ 50. Ka7 Rb4 1/2-1/2

[Event "2024 Newport Open"]
[Site "Newport"]
[Date "2024.08.17"]
[Round "3.7"]
[White "Meek, Stephen J"]
[Black "Thomas, Joseff"]
[Result "0-1"]
[WhiteElo "1970"]
[BlackElo "2043"]
[PlyCount "86"]
[EventDate "2024.08.16"]

1. e4 d6 2. d4 g6 3. Nc3 Bg7 4. Be3 c6 5. Qd2 b5 6. Bd3 Nd7 7. Nf3 Nb6 8. O-O Nc4 9. Bxc4 bxc4 10. h3 Rb8 11. Rab1 Qa5 12. Rfe1 Qh5 13. Ne2 Qb5 14. c3 Nf6 15. Ng3 O-O 16. Bh6 Nh5 17. Bxg7 Kxg7 18. Re2 h6 19. Rbe1 Rb7 20. Kh2 Nxg3 21. fxg3 Qh5 22. Rf2 g5 23. Qe2 Be6 24. Kg1 Rfb8 25. g4 Qg6 26. Qd2 Rb5 27. Qc1 Rh8 28. Nh2 h5 29. Qd1 hxg4 30. Nxg4 Rh4 31. Rd2 Bxg4 32. hxg4 Rb8 33. Qf3 Rbh8 34. d5 cxd5 35. exd5 Rh1+ 36. Kf2 Rxe1 37. Kxe1 Qb1+ 38. Kf2 Rh1 39. Kg3 Qe1+ 40. Qf2 Qe5+ 41. Kf3 Qf4+ 42. Ke2 Qe4+ 43. Qe3 Re1+ 0-1

[Event "2024 Newport Open"]
[Site "Newport"]
[Date "2024.08.17"]
[Round "3.8"]
[White "Brown, Thomas"]
[Black "May, Adam J"]
[Result "1-0"]
[WhiteElo "2139"]
[BlackElo "1903"]
[PlyCount "61"]
[EventDate "2024.08.16"]

1. d4 d5 2. Nf3 Nf6 3. Bf4 e6 4. e3 Bd6 5. Ne5 O-O 6. Nd2 c5 7. c3 b5 8. Bxb5 Qb6 9. Be2 Qxb2 10. Nd3 Qb6 11. Rb1 Qc7 12. Bxd6 Qxd6 13. Nxc5 Nbd7 14. Ndb3 e5 15. O-O Nb6 16. dxe5 Qxe5 17. Qd4 Qg5 18. Nd2 Bh3 19. Bf3 Rad8 20. Rb4 Bf5 21. Qf4 Qg6 22. Qg3 Rc8 23. Ndb3 Rfe8 24. Rc1 Ne4 25. Bxe4 dxe4 26. Qxg6 Bxg6 27. Rd4 Bf5 28. Nb7 Nc4 29. Rxc4 Rxc4 30. Nd6 Rec8 31. Nxf5 1-0

[Event "2024 Newport Open"]
[Site "Newport"]
[Date "2024.08.17"]
[Round "3.9"]
[White "Perrin, Brent"]
[Black "Varley, Peter"]
[Result "0-1"]
[WhiteElo "1879"]
[BlackElo "2123"]
[PlyCount "78"]
[EventDate "2024.08.16"]

1. e4 e5 2. Nf3 Nc6 3. Bb5 Nf6 4. d3 Bc5 5. c3 d6 6. h3 O-O 7. O-O Bb6 8. Nbd2 a6 9. Ba4 Bd7 10. Nc4 Ba7 11. Ne3 Ne7 12. Bc2 c6 13. d4 Qc7 14. b3 Rfe8 15. Ba3 exd4 16. cxd4 Ng6 17. Nc4 Nxe4 18. Bxe4 Rxe4 19. Bxd6 Qd8 20. Qd3 Re8 21. Bc5 b6 22. Ba3 Bb8 23. Rfe1 Be6 24. Rad1 Bc7 25. Bc1 f6 26. Qc3 Qd7 27. Nh2 Nh4 28. g3 Ng6 29. h4 Ne7 30. Qf3 Bd5 31. Qg4 Qxg4 32. Nxg4 Bf3 33. Nge3 Bxd1 34. Rxd1 Rad8 35. Bb2 Nd5 36. Kf1 Nxe3+ 37. Nxe3 Bxg3 38. Nf5 Bf4 39. h5 Rd5 0-1

[Event "2024 Newport Open"]
[Site "Newport"]
[Date "2024.08.17"]
[Round "3.10"]
[White "Cave, Iwan"]
[Black "Turner, Joseph David"]
[Result "1-0"]
[WhiteElo "2047"]
[BlackElo "1862"]
[PlyCount "83"]
[EventDate "2024.08.16"]

1. Nf3 b6 2. e4 Bb7 3. Nc3 e6 4. d4 Bb4 5. Bd3 Nf6 6. Qe2 d6 7. O-O Nbd7 8. Bg5 Bxc3 9. bxc3 h6 10. Bh4 g5 11. Bg3 Nh5 12. Nd2 Nf4 13. Qe3 Qf6 14. Rfe1 Nxd3 15. cxd3 e5 16. dxe5 dxe5 17. d4 O-O-O 18. Nc4 exd4 19. cxd4 Rhe8 20. Rec1 Kb8 21. Qc3 Qc6 22. f3 Rc8 23. a4 g4 24. Rab1 gxf3 25. gxf3 Rg8 26. Nxb6 Nxb6 27. Qxc6 Bxc6 28. Rxc6 h5 29. Kf2 Kb7 30. Rh6 Ka8 31. Rxh5 Rcd8 32. Bxc7 Rxd4 33. Bxb6 axb6 34. a5 Ra4 35. Rxb6 Ra2+ 36. Ke3 f5 37. Rxf5 Rxh2 38. Rfb5 Ka7 39. Rb7+ Ka6 40. R5b6+ Kxa5 41. Rb2 Ka6 42. R7b3 1-0

[Event "2024 Newport Open"]
[Site "Newport"]
[Date "2024.08.17"]
[Round "3.11"]
[White "Fathallah, Joe"]
[Black "Tuson, Jon"]
[Result "0-1"]
[WhiteElo "1992"]
[BlackElo "1842"]
[PlyCount "100"]
[EventDate "2024.08.16"]

1. d4 Nf6 2. c4 c5 3. d5 b5 4. Qc2 bxc4 5. e4 d6 6. Bxc4 g6 7. f4 Bg7 8. Nf3 O-O 9. O-O Nbd7 10. Nc3 Nb6 11. Bb5 e6 12. Bc6 Rb8 13. dxe6 Bxe6 14. e5 dxe5 15. Nxe5 Nc4 16. Nxc4 Bxc4 17. Rd1 Qb6 18. Nd5 Bxd5 19. Bxd5 Nxd5 20. Rxd5 Bd4+ 21. Kf1 Rfe8 22. Qc4 Qa5 23. g3 Qe1+ 24. Kg2 Re2+ 25. Kh3 Qf1+ 26. Kg4 h5+ 27. Kg5 Qf3 28. Rxd4 cxd4 29. Qxd4 h4 30. g4 Rb5+ 31. f5 Rxf5+ 32. gxf5 Rg2+ 33. Kf6 Qxf5+ 34. Ke7 Re2+ 35. Kd8 Qa5+ 36. Kd7 Qb5+ 37. Kc8 Re8+ 38. Kc7 Qb8+ 39. Kc6 Rc8+ 40. Kd5 Rd8+ 41. Ke4 Rxd4+ 42. Kxd4 Qxh2 43. b4 h3 44. a4 Qd6+ 45. Kc4 h2 46. Be3 Qc6+ 47. Bc5 a6 48. b5 axb5+ 49. axb5 Qe4+ 50. Bd4 h1=Q 0-1

[Event "2024 Newport Open"]
[Site "Newport"]
[Date "2024.08.17"]
[Round "3.12"]
[White "Zhang, Junyi"]
[Black "Mcbeath, Joel"]
[Result "1-0"]
[WhiteElo "1936"]
[BlackElo "1806"]
[PlyCount "65"]
[EventDate "2024.08.16"]

1. e4 e5 2. Nf3 Nc6 3. Bc4 Nf6 4. Ng5 d5 5. exd5 Na5 6. Bb5+ c6 7. dxc6 bxc6 8. Bd3 Nd5 9. Nf3 Bd6 10. O-O Nf4 11. Re1 Nxd3 12. cxd3 O-O 13. b3 Re8 14. Bb2 f6 15. Nc3 Bg4 16. h3 Bh5 17. Ne4 Bf8 18. Ng3 Bg6 19. d4 exd4 20. Rxe8 Qxe8 21. Bxd4 c5 22. Be3 Bd6 23. Nf1 Bd3 24. Rc1 Rc8 25. Rc3 Qb5 26. b4 Be2 27. a4 Qa6 28. Qc1 Nb7 29. bxc5 Bb8 30. c6 Bxf1 31. cxb7 Rxc3 32. Qxc3 Bc4 33. Qd4 1-0